000 00337nam a22001457a 4500
008 230706b ||||| |||| 00| 0 eng d
020 _a9781119505358
041 _aeng
080 _2SECOND EDITION
_a159.9
082 _a159.9SAN
100 _a25
101 _aPSI
245 _aREAL WORLD PSYCHOLOGY
_cSANDERSON.A.C
942 _2udc
_cBK
999 _c60102
_d60102